000 00313nam a22001337a 4500
008 170327b xxu||||| |||| 00| 0 eng d
020 _a9780721664460
041 _aeng
080 _a615.83
100 _a8
101 _aSHM
245 _aPHYSICAL EXAMINATION AND HEALTH ASSESSMENT
_cDOWNNEY.H.N
942 _2udc
_cBK
999 _c8757
_d8757